|
|
|
|
| LEADER |
01357nab#a2200397#ar4500 |
| 001 |
000109331 |
| 003 |
SVKKK |
| 005 |
20121119091612.0 |
| 008 |
121119c2012 xo |||||||||||||||b|slo |
| FMT |
|
|
|
| 015 |
|
|
|a SNBRB2012/11
|
| 038 |
|
|
|a SVKKK
|
| 040 |
|
|
|a SVKKK
|b slo
|e AACR2
|
| 041 |
0 |
|
|a slo
|
| 044 |
|
|
|a xo
|c SK
|
| 080 |
|
|
|a 628.477.6
|2 1997
|
| 100 |
1 |
|
|a Rabayová, Zdena
|4 ivr
|4 aut
|
| 245 |
1 |
0 |
|a Predstavitelia ZMOS zdôrazňujú prínos Recyklačného fondu
|b v oblasti separácie komunálneho odpadu sa treba vážne zaoberať množstvom prostriedkov na jej podporu ako aj ich prerozdeľovaním : súčasné problémy EÚ nebude možné riešiť bez lepšieho využívania zdrojov a bez inovácií
|c Zdena Rabayová, Jozef Dvonč
|
| 300 |
|
|
|b Fotogr.
|
| 600 |
1 |
4 |
|a Dvonč, Jozef
|
| 610 |
2 |
4 |
|a Recyklačný fond (Slovensko)
|
| 610 |
2 |
4 |
|a ZMOS (Slovensko)
|
| 650 |
0 |
4 |
|a odpadové hospodárstvo
|
| 650 |
0 |
4 |
|a recyklácia odpadov
|
| 650 |
0 |
4 |
|a ochrana životného prostredia
|
| 650 |
0 |
4 |
|a separácia odpadov
|
| 700 |
1 |
|
|a Dvonč, Jozef
|4 ive
|4 aut
|
| 773 |
0 |
|
|t 21. storočie : magazín pre priemyselnú ekológiu
|g Roč. 15, č. 1 (2012)
|x 1335-874X
|
| 773 |
0 |
|
|i Príl.:
|t Recyklačný priemysel
|g Č. 1 (2012), s. 49-50
|
| 958 |
|
|
|a SK
|
| 974 |
|
|
|a Va
|
| 992 |
|
|
|a RBX
|
| BAS |
|
|
|
| 852 |
|
|
|a SVKKK
|b BIB
|
| EXP |
|
|
|
| 998 |
|
|
|a SLO
|